[Event "Paris Sophos sim2"]
[Site "Paris"]
[Date "2002.11.07"]
[Round "?"]
[White "Kosten, Anthony C"]
[Black "Lepoutre, Quentin"]
[Result "1-0"]
[WhiteElo "2551"]
[BlackElo "1400"]
[PlyCount "55"]
[EventDate "2002.11.07"]
[EventType "simul"]
[EventRounds "1"]
[EventCountry "FRA"]
[SourceTitle "EXT 2007"]
[Source "ChessBase"]
[SourceDate "2006.11.23"]
[SourceVersion "1"]
[SourceVersionDate "2006.11.23"]
[SourceQuality "1"]

1. e4 c5 2. Nf3 e6 3. c3 Nc6 4. d4 cxd4 5. cxd4 Nf6 6. Nc3 Be7 7. e5 Nd5 8. Nxd5 exd5 9. Bd3 d6 10. 0-0 dxe5 11. Nxe5 Nxe5 12. dxe5 0-0 13. Qc2 g6 14. Bh6 Re8 15. Rad1 Be6 16. Bb5 Rc8 17. Qd2 Bd7 18. Qxd5 Bxb5 19. Qxb5 Qc7 20. Rd7 Qc6 21. Qxc6 Rxc6 22. Rxb7 Rc2 23. Rxa7 Rxb2 24. Rc1 Bh4 25. g3 Be7 26. Rxe7 Rxe7 27. Rc8+ Re8 28. Rxe8# 1-0